[Event "Recife PE22"]
[Site "Recife"]
[Date "2023.04.09"]
[Round "9"]
[White "Da Silva, Erick Feitosa"]
[Black "Hiramine, Rodrigo Yoshio Ferr"]
[Result "1/2-1/2"]
[WhiteElo "2024"]
[BlackElo "1982"]
[PlyCount "36"]
[EventDate "2023.04.05"]
[EventType "tourn"]
[EventRounds "9"]
[EventCountry "BRA"]
[SourceTitle "CBM 213 Extra"]
[Source "ChessBase"]
[SourceDate "2023.05.31"]
[SourceVersion "1"]
[SourceVersionDate "2023.05.31"]
[SourceQuality "1"]

1. c4 c5 2. e3 Nf6 3. Nc3 g6 4. Nf3 Bg7 5. Be2 0-0 6. 0-0 Nc6 7. d4 cxd4 8. exd4 d5 9. cxd5 Nxd5 10. Nxd5 Qxd5 11. Be3 Bf5 12. b3 Rac8 13. Rc1 Rfd8 14. Bc4 Qd6 15. Qd2 a6 16. d5 Ne5 17. Nxe5 Qxe5 18. Rfe1 Qb2 1/2-1/2

[Event "Recife PE22"]
[Site "Recife"]
[Date "2023.04.07"]
[Round "4"]
[White "Bouwman, Marcelo Wanderley"]
[Black "Hiramine, Rodrigo Yoshio Ferr"]
[Result "1-0"]
[WhiteElo "2121"]
[BlackElo "1982"]
[PlyCount "65"]
[EventDate "2023.04.05"]
[EventType "tourn"]
[EventRounds "9"]
[EventCountry "BRA"]
[SourceTitle "CBM 213 Extra"]
[Source "ChessBase"]
[SourceDate "2023.05.31"]
[SourceVersion "1"]
[SourceVersionDate "2023.05.31"]
[SourceQuality "1"]

1. e4 e5 2. Nf3 Nc6 3. Bb5 Nf6 4. d3 Nd4 5. Ba4 b5 6. Nxd4 bxa4 7. Nf3 d6 8. c4 Bd7 9. a3 Be7 10. Nc3 0-0 11. Nxa4 Nh5 12. Nc3 Nf4 13. Bxf4 exf4 14. Nd5 f5 15. e5 dxe5 16. Nxe5 Bd6 17. d4 Re8 18. 0-0 Bxe5 19. dxe5 Rxe5 20. Nxf4 Re4 21. Nh3 Bc6 22. Rc1 Qh4 23. f3 Rxc4 24. Qd3 Rd4 25. Qa6 Bd5 26. Rxc7 Rd2 27. Rc8+ Kf7 28. Rxa8 Qd4+ 29. Kh1 Bxa8 30. Ng5+ Ke7 31. Qe6+ Kd8 32. Nf7+ Kc7 33. Rc1+ 1-0

[Event "Recife PE22"]
[Site "Recife"]
[Date "2023.04.05"]
[Round "1"]
[White "Hiramine, Rodrigo Yoshio Ferr"]
[Black "Nunes, Marcelo Basilio"]
[Result "1-0"]
[WhiteElo "1982"]
[BlackElo "1910"]
[PlyCount "71"]
[EventDate "2023.04.05"]
[EventType "tourn"]
[EventRounds "9"]
[EventCountry "BRA"]
[SourceTitle "CBM 213 Extra"]
[Source "ChessBase"]
[SourceDate "2023.05.31"]
[SourceVersion "1"]
[SourceVersionDate "2023.05.31"]
[SourceQuality "1"]

1. e4 c5 2. Nf3 e6 3. c3 d6 4. d4 Nd7 5. Bd3 Qc7 6. 0-0 Ngf6 7. Re1 Be7 8. Na3 a6 9. Bg5 h6 10. Bh4 g5 11. Bg3 Nh5 12. b4 Nxg3 13. hxg3 b6 14. Nc2 Bb7 15. Qe2 b5 16. dxc5 dxc5 17. Ne3 c4 18. Bc2 h5 19. a4 h4 20. gxh4 gxh4 21. Reb1 Rc8 22. axb5 a5 23. Ra4 Nb6 24. Rxa5 Qf4 25. Nd2 Bd6 26. Qf3 Qg5 27. Ra7 Qe7 28. Ng4 Bb8 29. Qf6 Bxa7 30. Qxh8+ Kd7 31. Nf6+ Kc7 32. Qxh4 Bb8 33. Nxc4 Re8 34. Qg3+ e5 35. Nxe8+ Qxe8 36. Qxe5+ 1-0

[Event "Agua Preta op"]
[Site "Agua Preta"]
[Date "2017.11.26"]
[Round "6"]
[White "Heubeck, Flavio"]
[Black "Hiramine, Rodrigo Yoshio Ferr"]
[Result "0-1"]
[WhiteElo "1688"]
[BlackElo "2058"]
[PlyCount "70"]
[EventDate "2017.11.24"]
[EventType "swiss"]
[EventRounds "6"]
[EventCountry "BRA"]
[SourceTitle "CBM 181 Extra"]
[Source "ChessBase"]
[SourceDate "2017.12.12"]
[SourceVersion "1"]
[SourceVersionDate "2017.12.12"]
[SourceQuality "1"]

1. c4 c5 2. Nc3 Nc6 3. g3 g6 4. Bg2 Bg7 5. e3 e5 6. Nge2 Nge7 7. 0-0 0-0 8. a3 d6 9. d3 Bg4 10. Rb1 a5 11. Qc2 Qd7 12. f4 Rac8 13. Ne4 exf4 14. Nxf4 Bf5 15. Bd2 Rfe8 16. Nf2 b6 17. Bc3 Ne5 18. e4 Be6 19. Nxe6 fxe6 20. Bh3 N7c6 21. Qd1 Rf8 22. Bg2 Rf7 23. Nh3 Rxf1+ 24. Bxf1 Rf8 25. Bg2 Qf7 26. Nf4 g5 27. Nh3 h6 28. Qe2 Nf3+ 29. Kh1 Qh5 30. Rf1 g4 31. Bxg7 Kxg7 32. Bxf3 gxf3 33. Qe3 Qxh3 34. Rxf3 Rxf3 35. Qxf3 Ne5 0-1

[Event "Recife Arraes Memorial 10th"]
[Site "Recife"]
[Date "2017.10.08"]
[Round "5"]
[White "Hiramine, Rodrigo Yoshio Ferr"]
[Black "Nunes, Marcelo Basilio"]
[Result "1-0"]
[WhiteElo "2036"]
[BlackElo "1968"]
[PlyCount "135"]
[EventDate "2017.10.06"]
[EventType "swiss"]
[EventRounds "6"]
[EventCountry "BRA"]
[SourceTitle "CBM 181 Extra"]
[Source "ChessBase"]
[SourceDate "2017.12.12"]
[SourceVersion "1"]
[SourceVersionDate "2017.12.12"]
[SourceQuality "1"]

1. e4 c5 2. Nf3 e6 3. Nc3 a6 4. Be2 Qc7 5. 0-0 d6 6. a4 Nf6 7. d3 Be7 8. Bf4 Nc6 9. Nd2 b6 10. Re1 Bb7 11. Nc4 Nd7 12. Bg3 0-0 13. f4 Nd4 14. Bg4 b5 15. Ne3 Nf6 16. f5 b4 17. Nb1 exf5 18. Bxf5 g6 19. c3 Nxf5 20. exf5 Nh5 21. Qg4 Rae8 22. Bh4 Bxh4 23. Qxh4 Qc6 24. Qg4 Re5 25. Nd2 d5 26. Nf3 Re7 27. d4 Re4 28. Qg5 f6 29. Qh6 Qe8 30. dxc5 bxc3 31. bxc3 Qf7 32. Nd4 g5 33. c6 Bc8 34. Nxd5 Qxd5 35. Rxe4 Qxe4 36. Qxh5 Qe3+ 37. Kh1 Qxc3 38. Qd1 Rd8 39. Qb3+ Qxb3 40. Nxb3 Bxf5 41. h3 Bc2 42. Na5 Rd5 43. Rc1 Bf5 44. Nb7 Kf7 45. Kh2 Bc8 46. Rc4 h6 47. Kg3 Ke7 48. Re4+ Kf7 49. Rc4 Ke7 50. Kf2 Ke6 51. Ke3 f5 52. Rd4 Re5+ 53. Kd3 Rd5 54. Kc4 Rxd4+ 55. Kxd4 h5 56. Kc5 Ke5 57. Nd6 Be6 58. c7 f4 59. Nc4+ Kf6 60. Kd6 g4 61. hxg4 hxg4 62. Ne5 Bc8 63. a5 Kg5 64. Ke7 Kh4 65. Kd8 Kg3 66. Kxc8 Kxg2 67. Nxg4 Kg3 68. Ne5 1-0

[Event "Recife Arraes Memorial 10th"]
[Site "Recife"]
[Date "2017.10.07"]
[Round "3"]
[White "Hiramine, Rodrigo Yoshio Ferr"]
[Black "Bouwman, Marcelo Wanderley"]
[Result "0-1"]
[WhiteElo "2036"]
[BlackElo "2186"]
[PlyCount "84"]
[EventDate "2017.10.06"]
[EventType "swiss"]
[EventRounds "6"]
[EventCountry "BRA"]
[SourceTitle "CBM 181 Extra"]
[Source "ChessBase"]
[SourceDate "2017.12.12"]
[SourceVersion "1"]
[SourceVersionDate "2017.12.12"]
[SourceQuality "1"]

1. e4 e6 2. d3 d5 3. Qe2 Be7 4. Nf3 c5 5. g3 Nc6 6. Bg2 Nf6 7. c3 dxe4 8. dxe4 e5 9. Nbd2 h6 10. 0-0 Be6 11. Rd1 Qc7 12. Nf1 0-0 13. Nh4 Rfd8 14. Be3 Rxd1 15. Rxd1 Bxa2 16. f4 Rd8 17. Ra1 Be6 18. f5 Bc8 19. Bf2 b6 20. g4 Na5 21. Bg3 Bb7 22. Nd2 Rxd2 23. Qxd2 Nb3 24. Qd1 Nxa1 25. Qxa1 a5 26. h3 Nxe4 27. Qe1 Nxg3 28. Qxg3 Bxg2 29. Nxg2 Qd6 30. Qf3 c4 31. Qa8+ Qd8 32. Qe4 Bc5+ 33. Kh2 Qd3 34. Qa8+ Kh7 35. Qe8 e4 36. Qxf7 Qd6+ 37. Kh1 Qd1+ 38. Kh2 Bd6+ 39. Nf4 Bxf4+ 40. Kg2 Qf3+ 41. Kg1 Be3+ 42. Kh2 Qf2+ 0-1

[Event "Natal Potiguar-ch sf"]
[Site "Natal"]
[Date "2017.09.10"]
[Round "6"]
[White "Hiramine, Rodrigo Yoshio Ferr"]
[Black "Da Silva Araujo, Gabriel Victor"]
[Result "1/2-1/2"]
[WhiteElo "2030"]
[BlackElo "1939"]
[PlyCount "132"]
[EventDate "2017.09.08"]
[EventType "swiss"]
[EventRounds "6"]
[EventCountry "BRA"]
[SourceTitle "EXT 2018"]
[Source "ChessBase"]
[SourceDate "2017.10.13"]
[SourceVersion "1"]
[SourceVersionDate "2017.10.13"]
[SourceQuality "1"]

1. e4 c5 2. Nf3 Nc6 3. Bb5 g6 4. 0-0 Bg7 5. Re1 Nf6 6. c3 0-0 7. h3 a6 8. Bf1 d6 9. d3 e5 10. Bg5 Qc7 11. a4 Nh5 12. Na3 f5 13. exf5 Rxf5 14. g4 Rxg5 15. Nxg5 Nf4 16. Qb3+ d5 17. Bg2 Qd8 18. Nf3 Nxd3 19. Red1 Nf4 20. Nc4 Qf6 21. Ne3 Na5 22. Qa3 d4 23. cxd4 exd4 24. Nd5 Nxd5 25. Qxc5 Nf4 26. Qxa5 Nxh3+ 27. Bxh3 Qxf3 28. Qd8+ Qf8 29. Qd5+ Qf7 30. Qxf7+ Kxf7 31. Rac1 Be6 32. Rc7+ Kf8 33. Rxb7 Bd5 34. Rc7 Bb3 35. Rd3 Bxa4 36. Rf3+ Kg8 37. Rff7 Be5 38. Ra7 Rxa7 39. Rxa7 d3 40. Ra8+ Kf7 41. Rd8 Bb5 42. b3 Ke7 43. Rd5 Ke6 44. Bg2 Bc3 45. Rd8 Ke5 46. Bf3 Bb4 47. Bd1 d2 48. Rh8 Kd4 49. Rxh7 Kc3 50. Rc7+ Kb2 51. Rc2+ Kb1 52. Rc8 Kb2 53. f4 Bd3 54. Kf2 Bc3 55. Rd8 Bc2 56. Ke2 Bxd1+ 57. Kxd1 Kxb3 58. Rd6 a5 59. Rxg6 a4 60. Ra6 a3 61. g5 a2 62. f5 a1Q+ 63. Rxa1 Bxa1 64. f6 Kc4 65. Kxd2 Kd5 66. Ke3 Bxf6 1/2-1/2

[Event "Natal Potiguar-ch sf"]
[Site "Natal"]
[Date "2017.09.08"]
[Round "1"]
[White "Da Silva, Karina Ingryd Olive"]
[Black "Hiramine, Rodrigo Yoshio Ferr"]
[Result "0-1"]
[WhiteElo "1469"]
[BlackElo "2030"]
[PlyCount "46"]
[EventDate "2017.09.08"]
[EventType "swiss"]
[EventRounds "6"]
[EventCountry "BRA"]
[SourceTitle "CBM 180 Extra"]
[Source "ChessBase"]
[SourceDate "2017.10.06"]
[SourceVersion "1"]
[SourceVersionDate "2017.10.06"]
[SourceQuality "1"]

1. e4 c5 2. c3 Nf6 3. e5 Nd5 4. d4 Nc6 5. Bc4 Nb6 6. Bb3 e6 7. f4 Qh4+ 8. g3 Qd8 9. Nf3 Be7 10. 0-0 Qc7 11. Nbd2 a6 12. Ne4 c4 13. Bc2 Nd5 14. Qe1 b5 15. b3 Bb7 16. Bb2 h5 17. Nd6+ Bxd6 18. exd6 Qxd6 19. f5 Nf6 20. fxe6 dxe6 21. Rd1 Qd5 22. Rf2 Ne7 23. Ne5 Qh1# 0-1

[Event "Santa Cruz Regional Norte zt"]
[Site "Santa Cruz"]
[Date "2017.05.05"]
[Round "2"]
[White "Hiramine, Rodrigo Yoshio Ferr"]
[Black "Dos Anjos, Avner Augusto"]
[Result "1-0"]
[WhiteElo "2045"]
[BlackElo "1957"]
[PlyCount "51"]
[EventDate "2017.05.05"]
[EventType "swiss"]
[EventRounds "6"]
[EventCountry "BRA"]
[SourceTitle "EXT 2018"]
[Source "ChessBase"]
[SourceDate "2017.10.13"]
[SourceVersion "1"]
[SourceVersionDate "2017.10.13"]
[SourceQuality "1"]

1. e4 e5 2. Nf3 Qe7 3. Bc4 d6 4. 0-0 Be6 5. b3 Bxc4 6. bxc4 g5 7. Nc3 c6 8. d3 h6 9. Ne2 g4 10. Nd2 Qd7 11. Bb2 Bg7 12. f4 Ne7 13. c5 b5 14. cxd6 Qxd6 15. a4 a5 16. Qb1 Qc5+ 17. Rf2 Qe3 18. Bc3 exf4 19. Nf1 Bxc3 20. Nxe3 fxe3 21. Rf4 Bxa1 22. Qxa1 Rh7 23. Rxg4 Nd7 24. Rg3 Nc5 25. axb5 cxb5 26. Qe5 1-0

[Event "Florianopolis zt 2.4"]
[Site "Florianopolis"]
[Date "2017.04.30"]
[Round "7"]
[White "Moro, Antonio Renato Pere"]
[Black "Hiramine, Rodrigo Yoshio Ferr"]
[Result "0-1"]
[WhiteElo "1948"]
[BlackElo "2045"]
[PlyCount "86"]
[EventDate "2017.04.26"]
[EventType "swiss"]
[EventRounds "9"]
[EventCountry "BRA"]
[SourceTitle "CBM 178 Extra"]
[Source "ChessBase"]
[SourceDate "2017.06.22"]
[SourceVersion "1"]
[SourceVersionDate "2017.06.22"]
[SourceQuality "1"]

1. e4 c5 2. Nf3 d6 3. d4 cxd4 4. Nxd4 Nf6 5. Nc3 g6 6. Be3 Bg7 7. Be2 Nc6 8. Qd2 Ng4 9. Bxg4 Bxg4 10. Nxc6 bxc6 11. h3 Be6 12. 0-0 Qd7 13. Bd4 0-0 14. Bxg7 Kxg7 15. Qd4+ Kg8 16. Qa4 Rab8 17. b3 f5 18. Rad1 fxe4 19. Qxe4 Rf7 20. Rfe1 Bf5 21. Qe2 Rb4 22. g4 Bxg4 23. hxg4 Rxg4+ 24. Kf1 Rg3 25. Qc4 Qh3+ 26. Ke2 Rxc3 27. Qe4 Qh5+ 28. Kd2 Qc5 29. Re2 d5 30. b4 Qb6 31. Qe5 Rcf3 32. c3 Rxf2 33. Rde1 a5 34. a3 axb4 35. axb4 Qa7 36. Qe6 R2f6 37. Qe5 d4 38. Qe4 dxc3+ 39. Kxc3 Rf3+ 40. Kd2 Qa2+ 41. Kd1 Qa1+ 42. Kd2 Qc3+ 43. Kd1 Rd3+ 0-1

[Event "Florianopolis zt 2.4"]
[Site "Florianopolis"]
[Date "2017.04.27"]
[Round "2"]
[White "Karoly, Carlos Acacio Gomes"]
[Black "Hiramine, Rodrigo Yoshio Ferr"]
[Result "1-0"]
[WhiteElo "1799"]
[BlackElo "2045"]
[PlyCount "57"]
[EventDate "2017.04.26"]
[EventType "swiss"]
[EventRounds "9"]
[EventCountry "BRA"]
[SourceTitle "CBM 178 Extra"]
[Source "ChessBase"]
[SourceDate "2017.06.22"]
[SourceVersion "1"]
[SourceVersionDate "2017.06.22"]
[SourceQuality "1"]

1. e4 c5 2. Nf3 e6 3. d4 cxd4 4. Nxd4 Nf6 5. Nc3 d6 6. g4 e5 7. Bb5+ Bd7 8. Bxd7+ Qxd7 9. Nf5 h5 10. Bg5 Nxg4 11. h3 Nf6 12. Bxf6 gxf6 13. Nd5 Qd8 14. Qd2 Nc6 15. 0-0-0 a5 16. Kb1 b5 17. Rhg1 b4 18. Rg3 h4 19. Rg4 Rh5 20. Rg8 Rxf5 21. exf5 Nd4 22. Qh6 Kd7 23. Qh7 Kc6 24. Qxf7 Rc8 25. Nxf6 Kb5 26. Qb7+ Ka4 27. Rxd4 Rc5 28. Rd3 Qxf6 29. Ra3+ 1-0

[Event "Florianopolis zt 2.4"]
[Site "Florianopolis"]
[Date "2017.04.26"]
[Round "1"]
[White "Hiramine, Rodrigo Yoshio Ferr"]
[Black "El Debs, Felipe de Cresce"]
[Result "0-1"]
[WhiteElo "2045"]
[BlackElo "2530"]
[PlyCount "72"]
[EventDate "2017.04.26"]
[EventType "swiss"]
[EventRounds "9"]
[EventCountry "BRA"]
[SourceTitle "CBM 178 Extra"]
[Source "ChessBase"]
[SourceDate "2017.06.22"]
[SourceVersion "1"]
[SourceVersionDate "2017.06.22"]
[SourceQuality "1"]

1. e4 c5 2. Nf3 g6 3. Nc3 Bg7 4. d4 cxd4 5. Nxd4 Nc6 6. Be3 Nf6 7. Bc4 0-0 8. Bb3 Re8 9. Nxc6 dxc6 10. Qxd8 Rxd8 11. f3 b6 12. Bc4 Ne8 13. Bg5 Kf8 14. Rd1 Nd6 15. 0-0 b5 16. Be2 Be6 17. Be3 Bc4 18. Bd4 Bh6 19. b3 Be6 20. a4 bxa4 21. Nxa4 Nxe4 22. Bxa7 Nd2 23. Bb6 Rdb8 24. Rfe1 Rxa4 25. bxa4 Rxb6 26. a5 Rb8 27. h4 Be3+ 28. Kh2 Bf2 29. Rh1 Nc4 30. a6 Ke8 31. g3 Rb2 32. Bd3 Ne5 33. Rb1 Nxd3 34. cxd3 Bg1+ 35. Kxg1 Rxb1+ 36. Kh2 Rb2+ 0-1

[Event "Florianopolis op 3rd"]
[Site "Florianopolis"]
[Date "2017.01.21"]
[Round "2"]
[White "Lunelli, Neuri Antonio"]
[Black "Hiramine, Rodrigo Yoshio Ferr"]
[Result "0-1"]
[WhiteElo "1825"]
[BlackElo "2065"]
[PlyCount "76"]
[EventDate "2017.01.20"]
[EventType "swiss"]
[EventRounds "10"]
[EventCountry "BRA"]
[SourceTitle "CBM 176 Extra"]
[Source "ChessBase"]
[SourceDate "2017.03.02"]
[SourceVersion "1"]
[SourceVersionDate "2017.03.02"]
[SourceQuality "1"]

1. d4 Nf6 2. Nf3 g6 3. g3 Bg7 4. Bg2 0-0 5. 0-0 d5 6. c4 c6 7. Qb3 Qb6 8. c5 Qxb3 9. axb3 Na6 10. Bd2 Ne4 11. Be1 Bg4 12. e3 e5 13. Bc3 exd4 14. exd4 Rfe8 15. b4 Nc7 16. Nfd2 Nxc3 17. bxc3 Nb5 18. Nb3 Bf5 19. Rc1 Bh6 20. N1d2 Re2 21. Ra2 Rae8 22. f4 Bg7 23. Bf1 Re1 24. Raa1 Rxc1 25. Rxc1 Nc7 26. Na5 Bc8 27. Nf3 Kf8 28. Kf2 f6 29. c4 g5 30. Bd3 gxf4 31. gxf4 Bh6 32. Kg3 Ne6 33. Rf1 Bxf4+ 34. Kh4 Kg7 35. b5 Bc7 36. Nb3 Nf4 37. Rg1+ Kh6 38. Bc2 dxc4 0-1

[Event "Florianopolis op 3rd"]
[Site "Florianopolis"]
[Date "2017.01.20"]
[Round "1"]
[White "Hiramine, Rodrigo Yoshio Ferr"]
[Black "Cadilhac, Igor Tokuichi Kikuc"]
[Result "0-1"]
[WhiteElo "2065"]
[BlackElo "2274"]
[PlyCount "108"]
[EventDate "2017.01.20"]
[EventType "swiss"]
[EventRounds "10"]
[EventCountry "BRA"]
[SourceTitle "CBM 176 Extra"]
[Source "ChessBase"]
[SourceDate "2017.03.02"]
[SourceVersion "1"]
[SourceVersionDate "2017.03.02"]
[SourceQuality "1"]

1. e4 c5 2. Nf3 d6 3. d4 cxd4 4. Nxd4 Nf6 5. Nc3 g6 6. Be3 Bg7 7. f3 0-0 8. Qd2 Nc6 9. Bc4 Bd7 10. 0-0-0 Rc8 11. Bb3 Ne5 12. g4 b5 13. h4 a5 14. Ncxb5 Nxf3 15. Nxf3 Bxb5 16. Ng5 Bc4 17. h5 Qc7 18. hxg6 hxg6 19. Qh2 Rfd8 20. Ba4 Nxg4 21. Qh7+ Kf8 22. Bd4 e5 23. Bc3 Qb6 24. Qh4 Nf6 25. Rh3 Nh5 26. Rf3 Kg8 27. Rh1 f6 28. Nh3 d5 29. exd5 Bxd5 30. Bb3 Kh7 31. Bxd5 Rxd5 32. Qe4 Rcd8 33. Nf2 Bh6+ 34. Kb1 f5 35. Qe2 Qb5 36. Rd3 Rxd3 37. cxd3 Rd5 38. Qf3 Qd7 39. Kc2 Kg7 40. b3 a4 41. Rh4 axb3+ 42. axb3 Kh7 43. Rh1 Rc5 44. Kb2 Bg7 45. Qg2 Qc7 46. Nd1 Qd7 47. Rg1 Nf4 48. Rh1+ Nh5 49. Rg1 Qe6 50. b4 Rd5 51. Kc2 Rd7 52. Nf2 Qa2+ 53. Kd1 Qb3+ 54. Kd2 Bh6+ 0-1

[Event "Santa Cruz Potiguar-ch"]
[Site "Santa Cruz"]
[Date "2016.12.18"]
[Round "4"]
[White "Gomes, Jose Murilo"]
[Black "Hiramine, Rodrigo Yoshio Ferr"]
[Result "1/2-1/2"]
[WhiteElo "1986"]
[BlackElo "2060"]
[PlyCount "79"]
[EventDate "2016.12.17"]
[EventType "swiss"]
[EventRounds "5"]
[EventCountry "BRA"]
[SourceTitle "CBM 176 Extra"]
[Source "ChessBase"]
[SourceDate "2017.03.02"]
[SourceVersion "1"]
[SourceVersionDate "2017.03.02"]
[SourceQuality "1"]

1. c4 Nf6 2. g3 c5 3. Bg2 Nc6 4. Nc3 g6 5. e4 d6 6. Nge2 Bg7 7. 0-0 0-0 8. d3 Bg4 9. h3 Bxe2 10. Nxe2 Nd7 11. Rb1 Rb8 12. f4 b5 13. e5 Nd4 14. Nxd4 cxd4 15. exd6 exd6 16. cxb5 Rxb5 17. b4 a5 18. Bd2 axb4 19. Bxb4 Nc5 20. Kh2 h5 21. Bc6 Rb6 22. Bd5 h4 23. Qf3 Qf6 24. Bc4 Re8 25. Bd2 hxg3+ 26. Kxg3 Rxb1 27. Rxb1 Bh6 28. Re1 Rxe1 29. Bxe1 d5 30. Bb3 Bxf4+ 31. Qxf4 Qxf4+ 32. Kxf4 Nxd3+ 33. Kg3 Nxe1 34. a4 Nd3 35. Bxd5 Nb4 36. Bc4 Kg7 37. a5 g5 38. a6 Nc6 39. Bb5 Na7 40. Bd3 1/2-1/2

[Event "Santa Cruz Potiguar-ch"]
[Site "Santa Cruz"]
[Date "2016.12.18"]
[Round "5"]
[White "Hiramine, Rodrigo Yoshio Ferr"]
[Black "Carneiro, Francisco Caninde S"]
[Result "1-0"]
[WhiteElo "2060"]
[BlackElo "1854"]
[PlyCount "101"]
[EventDate "2016.12.17"]
[EventType "swiss"]
[EventRounds "5"]
[EventCountry "BRA"]
[SourceTitle "CBM 176 Extra"]
[Source "ChessBase"]
[SourceDate "2017.03.02"]
[SourceVersion "1"]
[SourceVersionDate "2017.03.02"]
[SourceQuality "1"]

1. e4 e5 2. Nf3 d6 3. d4 exd4 4. Nxd4 Nf6 5. Nc3 Be7 6. Bc4 0-0 7. 0-0 Bg4 8. f3 Bh5 9. Nf5 Nbd7 10. Qe1 Re8 11. Qg3 Bg6 12. Nxe7+ Qxe7 13. Bg5 Qe5 14. Bb3 Qc5+ 15. Kh1 Nh5 16. Qh4 h6 17. Bd2 Nhf6 18. Rae1 Re5 19. f4 Ree8 20. Be3 Qh5 21. Qxh5 Nxh5 22. f5 Bh7 23. Nd5 Rxe4 24. Nxc7 Rc8 25. Nb5 Rh4 26. Kg1 Rc6 27. Nxa7 Ra6 28. Nb5 Nhf6 29. Bf4 Bxf5 30. g3 Rh5 31. Nxd6 Bh3 32. Rf2 Nd5 33. Nxb7 Be6 34. Bd2 N7f6 35. Nc5 Rd6 36. Nxe6 fxe6 37. c4 Nc7 38. Bf4 Rc6 39. Bxc7 Rxc7 40. Rxe6 Rcc5 41. a3 Kf7 42. Re1 Kg6 43. Bd1 Rhg5 44. b4 Rc7 45. c5 Kf7 46. a4 Rb7 47. Rb2 Kg6 48. c6 Rb8 49. Bf3 Rf5 50. Kg2 Nd5 51. Be4 1-0

[Event "Santa Cruz Potiguar-ch"]
[Site "Santa Cruz"]
[Date "2016.12.17"]
[Round "3"]
[White "Hiramine, Rodrigo Yoshio Ferr"]
[Black "Cilento, Lucas Geraldo"]
[Result "1/2-1/2"]
[WhiteElo "2060"]
[BlackElo "1944"]
[PlyCount "95"]
[EventDate "2016.12.17"]
[EventType "swiss"]
[EventRounds "5"]
[EventCountry "BRA"]
[SourceTitle "CBM 176 Extra"]
[Source "ChessBase"]
[SourceDate "2017.03.02"]
[SourceVersion "1"]
[SourceVersionDate "2017.03.02"]
[SourceQuality "1"]

1. e4 c5 2. Nf3 e6 3. d4 cxd4 4. Nxd4 Nf6 5. Nc3 d6 6. g4 e5 7. Bb5+ Bd7 8. Bxd7+ Qxd7 9. Nf5 h5 10. gxh5 Nxh5 11. Bh6 g6 12. Bxf8 gxf5 13. Bxd6 Nc6 14. Bc5 Qxd1+ 15. Rxd1 b6 16. Ba3 Nd4 17. Kd2 0-0-0 18. Kc1 Nf4 19. h4 Nde2+ 20. Nxe2 Nxe2+ 21. Kb1 Rxd1+ 22. Rxd1 Rxh4 23. exf5 Rf4 24. Bd6 Rxf5 25. Re1 Rxf2 26. Bxe5 f5 27. c4 Rg2 28. Rf1 Rg1 29. Rxg1 Nxg1 30. Kc2 Kd7 31. Kd3 Nf3 32. Bb8 a6 33. Ke3 Nh4 34. a4 Ng6 35. Kd4 f4 36. Ke4 Kc6 37. b4 a5 38. b5+ Kc5 39. Bc7 Nf8 40. Bxf4 Kxc4 41. Bd6 Nd7 42. Kf5 Nc5 43. Bxc5 Kxc5 44. Ke6 Kb4 45. Kd6 Kxa4 46. Kc6 Kb4 47. Kxb6 a4 48. Kc6 1/2-1/2

[Event "Santa Cruz Potiguar-ch"]
[Site "Santa Cruz"]
[Date "2016.12.17"]
[Round "1"]
[White "Hiramine, Rodrigo Yoshio Ferr"]
[Black "De Paiva, Gidilaf Xavier"]
[Result "1-0"]
[WhiteElo "2060"]
[BlackElo "1577"]
[PlyCount "135"]
[EventDate "2016.12.17"]
[EventType "swiss"]
[EventRounds "5"]
[EventCountry "BRA"]
[SourceTitle "CBM 176 Extra"]
[Source "ChessBase"]
[SourceDate "2017.03.02"]
[SourceVersion "1"]
[SourceVersionDate "2017.03.02"]
[SourceQuality "1"]

1. e4 c6 2. Nc3 d5 3. d4 dxe4 4. Nxe4 Nd7 5. Nf3 Ngf6 6. Nxf6+ Nxf6 7. Bd3 Bg4 8. c3 e6 9. Bf4 Bd6 10. Bg3 0-0 11. 0-0 Re8 12. Re1 Bxg3 13. hxg3 Qb6 14. Qd2 Rad8 15. Ne5 Bh5 16. b4 Nd7 17. Nc4 Qc7 18. Qg5 Bg6 19. Rad1 b6 20. Re3 c5 21. Bxg6 hxg6 22. dxc5 bxc5 23. Red3 Nf6 24. Nd6 Re7 25. bxc5 Red7 26. g4 Ne4 27. Qh4 Nxd6 28. Rh3 f6 29. cxd6 Rxd6 30. Rxd6 Rxd6 31. Qg3 Rd1+ 32. Kh2 Qxg3+ 33. Rxg3 Rd2 34. Re3 Kf7 35. a3 Rxf2 36. Re4 f5 37. Ra4 e5 38. Rxa7+ Kf6 39. a4 e4 40. a5 e3 41. Kg1 Rc2 42. Kf1 fxg4 43. g3 Rf2+ 44. Ke1 Rc2 45. Rc7 Kf5 46. a6 Ke4 47. a7 Ra2 48. Rxg7 Kf3 49. Rf7+ Kxg3 50. c4 Kh2 51. Rh7+ Kg1 52. c5 Kg2 53. c6 Kf3 54. Rf7+ Kg2 55. c7 Rxa7 56. c8Q Rxf7 57. Qxg4+ Kh2 58. Qxg6 Rf2 59. Qh6+ Kg2 60. Qxe3 Rf3 61. Qe4 Kg3 62. Ke2 Rf4 63. Qe5 Kg4 64. Ke3 Rf1 65. Qg7+ Kh3 66. Qg5 Kh2 67. Qh4+ Kg2 68. Ke2 1-0

[Event "BRA-ch sf Reg2 83rd"]
[Site "Natal"]
[Date "2016.11.13"]
[Round "4"]
[White "Hiramine, Rodrigo Yoshio Ferr"]
[Black "Lemos, Doriedson"]
[Result "0-1"]
[WhiteElo "2080"]
[BlackElo "2173"]
[PlyCount "74"]
[EventDate "2016.11.12"]
[EventType "swiss"]
[EventRounds "7"]
[EventCountry "BRA"]
[SourceTitle "EXT 2018"]
[Source "ChessBase"]
[SourceDate "2017.10.13"]
[SourceVersion "1"]
[SourceVersionDate "2017.10.13"]
[SourceQuality "1"]

1. e4 c5 2. Nf3 e6 3. d4 cxd4 4. Nxd4 Nc6 5. Nb5 d6 6. Bf4 e5 7. Bg5 Nf6 8. Bxf6 gxf6 9. N5c3 Be6 10. Nd5 Rc8 11. Nbc3 f5 12. exf5 Bxf5 13. Bb5 Bg7 14. 0-0 0-0 15. Ne3 Be6 16. Ncd5 Nd4 17. Bd3 f5 18. c3 Nc6 19. Bc2 Qh4 20. Bb3 Kh8 21. f4 Rg8 22. Rf3 exf4 23. Rh3 Qxh3 24. gxh3 fxe3 25. Kh1 Rge8 26. Bc2 e2 27. Qd3 e1Q+ 28. Rxe1 Bxd5+ 29. Kg1 Rxe1+ 30. Kf2 Re5 31. Qg3 Rce8 32. Bd1 Bh6 33. Qh4 Be3+ 34. Kf1 f4 35. Qf6+ Kg8 36. Bg4 Bc5 37. b4 Re1# 0-1

[Event "BRA-ch sf Reg2 83rd"]
[Site "Natal"]
[Date "2016.11.12"]
[Round "1"]
[White "De Lima Jr, Francisco Biagioni"]
[Black "Hiramine, Rodrigo Yoshio Ferr"]
[Result "0-1"]
[WhiteElo "1668"]
[BlackElo "2080"]
[PlyCount "132"]
[EventDate "2016.11.12"]
[EventType "swiss"]
[EventRounds "7"]
[EventCountry "BRA"]
[SourceTitle "EXT 2018"]
[Source "ChessBase"]
[SourceDate "2017.10.13"]
[SourceVersion "1"]
[SourceVersionDate "2017.10.13"]
[SourceQuality "1"]

1. e4 c5 2. Nf3 e6 3. Nc3 d6 4. Bb5+ Nd7 5. 0-0 a6 6. Bxd7+ Bxd7 7. d3 Be7 8. b3 Bf6 9. Bb2 Qa5 10. Qd2 b5 11. Nd1 Qxd2 12. Nxd2 Ne7 13. f4 Bxb2 14. Nxb2 0-0 15. a4 d5 16. g3 Nc6 17. c3 Rfb8 18. Kf2 Kf8 19. Rfe1 Ne7 20. Ra2 f5 21. e5 Nc6 22. Rea1 b4 23. c4 Nd4 24. h4 Ke7 25. Nd1 h6 26. Ne3 dxc4 27. Nexc4 Bc6 28. Na5 Bd5 29. Ne4 g5 30. Rg1 Nf3 31. Rg2 Nd4 32. Rg1 Kd7 33. Rb2 Kc7 34. Nd6 gxf4 35. gxf4 Rg8 36. Nf7 Rxg1 37. Kxg1 Rg8+ 38. Kf1 Rg4 39. h5 Rxf4+ 40. Ke1 Rh4 41. Nxh6 Rxh5 42. Nf7 Rh1+ 43. Kd2 Nf3+ 44. Ke3 Rh7 45. Nd6 Nxe5 46. Ndc4 Rh3+ 47. Kd2 Rxd3+ 48. Kc2 Rc3+ 49. Kd2 Nxc4+ 50. Nxc4 Bxc4 51. bxc4 Rxc4 52. Rb3 a5 53. Re3 Kd6 54. Rh3 Rd4+ 55. Kc2 c4 56. Rh8 Rd5 57. Rd8+ Ke5 58. Rc8 c3 59. Rc6 f4 60. Kb3 f3 61. Rc8 Kd4 62. Rf8 Rf5 63. Rd8+ Ke4 64. Rd6 f2 65. Rxe6+ Kd5 66. Re2 f1Q 0-1